Universe / (Record no. 566)

MARC details
000 -LEADER
fixed length control field 00707cam a22002654a 4500
005 - DATE AND TIME OF LATEST TRANSACTION
control field 20260322212025.0
008 - FIXED-LENGTH DATA ELEMENTS--GENERAL INFORMATION
fixed length control field data
010 ## - LIBRARY OF CONGRESS CONTROL NUMBER
LC control number 2005004794
020 ## - INTERNATIONAL STANDARD BOOK NUMBER
International Standard Book Number 0756613647
020 ## - INTERNATIONAL STANDARD BOOK NUMBER
International Standard Book Number 9780756613648
040 ## - CATALOGING SOURCE
Original cataloging agency DLC
Transcribing agency DLC
Modifying agency DLC
042 ## - AUTHENTICATION CODE
Authentication code pcc
050 00 - LIBRARY OF CONGRESS CALL NUMBER
Classification number QB982
Item number .U55 2005
082 00 - DEWEY DECIMAL CLASSIFICATION NUMBER
Classification number 523.1
Edition information 22
092 ## - LOCALLY ASSIGNED DEWEY CALL NUMBER (OCLC)
Classification number 523.1 U55 2005
001 - CONTROL NUMBER
control field data
245 10 - TITLE STATEMENT
Title Universe /
Statement of responsibility, etc. Robert Dinwiddie.
250 ## - EDITION STATEMENT
Edition statement 1st American ed.
260 ## - PUBLICATION, DISTRIBUTION, ETC.
Place of publication, distribution, etc. New York :
Name of publisher, distributor, etc. DK Pub.,
Date of publication, distribution, etc. 2005.
300 ## - PHYSICAL DESCRIPTION
Extent 512 p. :
Other physical details col. ill. ;
Dimensions 30 cm.
500 ## - GENERAL NOTE
General note Includes index.
650 #0 - SUBJECT ADDED ENTRY--TOPICAL TERM
Topical term or geographic name entry element Cosmology
Form subdivision Popular works.
700 1# - ADDED ENTRY--PERSONAL NAME
Personal name Dinwiddie, Robert.
856 41 - ELECTRONIC LOCATION AND ACCESS
Materials specified Table of contents
Uniform Resource Identifier <a href="http://www.loc.gov/catdir/toc/ecip058/2005004794.html">http://www.loc.gov/catdir/toc/ecip058/2005004794.html</a>
Holdings
Withdrawn status Lost status Damaged status Not for loan Home library Current library Shelving location Date acquired Total checkouts Full call number Barcode Date last seen Price effective from Koha item type
        Franklin Franklin General stacks 22/03/2026   523.1 22 BC0010579 22/03/2026 22/03/2026 Books